[Event "Tata Steel"]
[Site "Wijk aan Zee NED"]
[Date "2016.01.21"]
[EventDate "2016.01.15"]
[Round "5"]
[Result "1-0"]
[White "Ding Liren"]
[Black "Sergey Karjakin"]
[WhiteElo "2766"]
[BlackElo "2769"]
[PlyCount "109"]

1. d4 Nf6 2. c4 e6 3. Nf3 b6 4. g3 Ba6 5. b3 Bb4+ 6. Bd2 Be7
7. Nc3 c6 8. e4 d5 9. Bd3 dxe4 10. Nxe4 Bb7 11. Qe2 Nbd7
12. O-O-O Nxe4 13. Bxe4 Nf6 14. Bc2 a5 15. Rhe1 b5 16. c5 b4
17. g4 Ba6 18. Qe5 O-O 19. g5 Nh5 20. Qe4 g6 21. Qxc6 Ra7
22. Be4 Bb7 23. Qb6 Qxb6 24. cxb6 Bxe4 25. Rxe4 Rb7 26. Be3
Rc8+ 27. Kb1 Rxb6 28. d5 Rd6 29. Rd2 Kf8 30. dxe6 Rxe6
31. Rxe6 fxe6 32. Rc2 Rd8 33. Nd4 Ng7 34. Nc6 Rd1+ 35. Rc1 Rd5
36. Nxe7 Kxe7 37. Rc7+ Kf8 38. Rc5 Ke7 39. Rxd5 exd5 40. Bb6
Kd6 41. Bxa5 Kc5 42. Bd8 Nf5 43. Kc2 Nd4+ 44. Kd3 Nf5 45. Bc7
Kc6 46. Bf4 Kc5 47. Be3+ Kb5 48. Ke2 Nh4 49. Bd2 Nf5 50. Kf3
Nd4+ 51. Kf4 Nc6 52. Be3 Ka6 53. Bc5 Kb5 54. Bd6 Ka5 55. Ke3
1-0

[Event "Tata Steel"]
[Site "Wijk aan Zee NED"]
[Date "2016.01.22"]
[EventDate "2016.01.15"]
[Round "6"]
[Result "1/2-1/2"]
[White "Ding Liren"]
[Black "David Navara"]
[WhiteElo "2766"]
[BlackElo "2730"]
[PlyCount "81"]

1. d4 Nf6 2. c4 g6 3. g3 c6 4. Bg2 d5 5. cxd5 cxd5 6. Nf3 Bg7
7. Nc3 O-O 8. Ne5 e6 9. Bg5 Qb6 10. O-O Qxb2 11. Qd3 Qb6
12. Rab1 Qa5 13. Qd2 Kh8 14. Nb5 Qxd2 15. Bxd2 Na6 16. Nd6 Kg8
17. Rfc1 b6 18. e3 Ne4 19. Bxe4 dxe4 20. Nc6 Bd7 21. Nxe4 Bxc6
22. Rxc6 Rfc8 23. Rbc1 Rxc6 24. Rxc6 e5 25. d5 Rd8 26. Nc3 f5
27. e4 fxe4 28. d6 Kf7 29. Nxe4 Ke6 30. Rc4 Rd7 31. Rc8 Nc5
32. Nxc5+ bxc5 33. Be3 Rxd6 34. Bxc5 Rd1+ 35. Kg2 Rc1 36. Re8+
Kf6 37. Bxa7 Ra1 38. Rb8 Rxa2 39. Be3 h5 40. Rb7 Bf8 41. Rb6+
1/2-1/2

[Event "Tata Steel"]
[Site "Wijk aan Zee NED"]
[Date "2016.01.23"]
[EventDate "2016.01.15"]
[Round "7"]
[Result "1-0"]
[White "Fabiano Caruana"]
[Black "Ding Liren"]
[WhiteElo "2787"]
[BlackElo "2766"]
[PlyCount "165"]

1. e4 e5 2. Nf3 Nc6 3. Bb5 a6 4. Ba4 Nf6 5. O-O Be7 6. d3 b5
7. Bb3 d6 8. a3 Na5 9. Ba2 c5 10. Nc3 Be6 11. Nh4 c4 12. Nf5
Bxf5 13. exf5 O-O 14. dxc4 Nxc4 15. Bxc4 bxc4 16. Bg5 Rb8
17. Rb1 Nd7 18. Bxe7 Qxe7 19. Nd5 Qd8 20. Qg4 Rb5 21. Qxc4 Nb6
22. Nxb6 Qxb6 23. b4 d5 24. Qb3 Qc6 25. Rfe1 d4 26. a4 Rd5
27. h4 Rb8 28. Qf3 f6 29. Red1 Qc4 30. Qd3 Rc8 31. Rb2 Rd6
32. b5 Rb6 33. Ra1 h5 34. Ra3 Qd5 35. Rab3 e4 36. Qd1 Rd8
37. bxa6 Rxa6 38. Rb5 Qd6 39. a5 d3 40. cxd3 exd3 41. Rd2 Rc6
42. Rb3 Qc7 43. Rb1 Qxa5 44. Rxd3 Rdc8 45. Qxh5 Qe5 46. Rbd1
Rc1 47. Qf3 Rxd1+ 48. Rxd1 Qe8 49. g3 Rc5 50. Ra1 Qd7 51. Ra8+
Rc8 52. Ra5 Kh7 53. Rd5 Qe8 54. Kg2 Rc7 55. Ra5 Qf7 56. Qd5
Qxd5+ 57. Rxd5 Rc4 58. Rd2 Kg8 59. f3 Kf8 60. g4 Rc1 61. Kg3
Rg1+ 62. Rg2 Ra1 63. g5 Kf7 64. Kg4 Ra4+ 65. f4 fxg5 66. hxg5
Ra1 67. Rb2 Rg1+ 68. Kh3 Rf1 69. Rb7+ Kf8 70. Kg4 Rh1 71. f6
gxf6 72. g6 Ra1 73. Kf5 Ra6 74. Rf7+ Kg8 75. Re7 Ra4 76. Re4
Ra6 77. Re6 Ra4 78. Rxf6 Ra5+ 79. Kg4 Kg7 80. Rd6 Ra1 81. Kg5
Rg1+ 82. Kf5 Kh6 83. Rd8 1-0

[Event "Tata Steel"]
[Site "Wijk aan Zee NED"]
[Date "2016.01.24"]
[EventDate "2016.01.15"]
[Round "8"]
[Result "1/2-1/2"]
[White "Ding Liren"]
[Black "Wei Yi"]
[WhiteElo "2766"]
[BlackElo "2706"]
[PlyCount "53"]

1. d4 Nf6 2. c4 g6 3. Nc3 d5 4. Nf3 Bg7 5. Qb3 dxc4 6. Qxc4
O-O 7. e4 Nc6 8. Be2 e5 9. d5 Nd4 10. Nxd4 exd4 11. Qxd4 c6
12. Qc4 b5 13. Qxc6 Bd7 14. Qd6 Re8 15. f3 Nh5 16. Be3 f5
17. Qa3 b4 18. Qxb4 Rb8 19. Qa3 fxe4 20. f4 Qh4+ 21. g3 Nxg3
22. Bf2 Qh3 23. Bxg3 Rec8 24. Bf1 Qg4 25. Be2 Qh3 26. Bf1 Qg4
27. Be2 1/2-1/2

[Event "Tata Steel"]
[Site "Wijk aan Zee NED"]
[Date "2016.01.26"]
[EventDate "2016.01.15"]
[Round "9"]
[Result "1/2-1/2"]
[White "Shakhriyar Mamedyarov"]
[Black "Ding Liren"]
[WhiteElo "2747"]
[BlackElo "2766"]
[PlyCount "60"]

1. d4 d5 2. c4 c6 3. Nf3 Nf6 4. Nc3 e6 5. e3 Nbd7 6. Bd3 dxc4
7. Bxc4 b5 8. Bd3 Bb7 9. a3 b4 10. Ne4 Nxe4 11. Bxe4 Nf6
12. Bd3 bxa3 13. O-O axb2 14. Bxb2 a5 15. Qb3 Bb4 16. Ba3 c5
17. Bb5+ Ke7 18. dxc5 Bxf3 19. gxf3 Qd5 20. Qxd5 Nxd5 21. Bc6
Ra7 22. Bxd5 Bxa3 23. Rxa3 exd5 24. Rd1 Ke6 25. Rb1 Rc8
26. Rb5 a4 27. Rb4 Rxc5 28. Rbxa4 Rxa4 29. Rxa4 Rc6 30. Kg2
Rb6 1/2-1/2

[Event "Tata Steel"]
[Site "Wijk aan Zee NED"]
[Date "2016.01.27"]
[EventDate "2016.01.15"]
[Round "10"]
[Result "1/2-1/2"]
[White "Ding Liren"]
[Black "Loek van Wely"]
[WhiteElo "2766"]
[BlackElo "2640"]
[PlyCount "128"]

1. d4 Nf6 2. c4 g6 3. Nc3 d5 4. Nf3 Bg7 5. Qb3 dxc4 6. Qxc4
O-O 7. e4 Na6 8. Be2 c5 9. d5 e6 10. O-O exd5 11. exd5 Bf5
12. Bg5 h6 13. Be3 Qb6 14. b3 Rfe8 15. Nd2 Nd7 16. Rac1 Bd4
17. Rfd1 Nb4 18. Nf3 Rxe3 19. fxe3 Bxe3+ 20. Kh1 Bxc1 21. Rxc1
Qd6 22. Qh4 g5 23. Qf2 Qf4 24. Rd1 Bg6 25. Bb5 Ne5 26. Ne2 Qf6
27. Qxc5 Nxf3 28. Qxb4 Nh4 29. Ng3 Qb6 30. Rd4 a5 31. Qc4 Rd8
32. a4 Qf6 33. Rd2 Qa1+ 34. Nf1 Nf5 35. Qc7 Rd6 36. Kg1 Rf6
37. d6 Ne3 38. Qd8+ Kg7 39. Qxf6+ Qxf6 40. Nxe3 Qc3 41. Nf1
Bf5 42. d7 Bxd7 43. Rxd7 Qxb3 44. Rxb7 h5 45. Rd7 h4 46. h3
Qe6 47. Kh1 Qe4 48. Rc7 Kf8 49. Rc3 Kg7 50. Rf3 Qe1 51. Kh2
Qe5+ 52. Kg1 Qe1 53. Rf2 Qb1 54. Rd2 f5 55. Kf2 g4 56. Ne3 Qe4
57. hxg4 fxg4 58. Rd5 Kf6 59. Rf5+ Ke7 60. Ke2 h3 61. gxh3
gxh3 62. Rh5 Qh1 63. Rh7+ Kf8 64. Bc4 h2 1/2-1/2

[Event "Tata Steel"]
[Site "Wijk aan Zee NED"]
[Date "2016.01.29"]
[EventDate "2016.01.15"]
[Round "11"]
[Result "0-1"]
[White "Evgeny Tomashevsky"]
[Black "Ding Liren"]
[WhiteElo "2728"]
[BlackElo "2766"]
[PlyCount "106"]

1. d4 d5 2. c4 e6 3. Nf3 Nf6 4. g3 Bb4+ 5. Bd2 Be7 6. Bg2 O-O
7. O-O c6 8. Bf4 Nbd7 9. Nc3 dxc4 10. e4 Re8 11. a4 b6 12. Qe2
Ba6 13. Rfd1 Bb4 14. Ne1 Qc8 15. Nc2 Bf8 16. Ne3 e5 17. dxe5
Nxe5 18. Bxe5 Rxe5 19. f4 Re8 20. e5 Qe6 21. Kh1 Nd7 22. Nc2
Nc5 23. Nd4 Qc8 24. Bxc6 Nd3 25. Qf3 Rb8 26. Rd2 Bb7 27. Rf1
Rd8 28. Bxb7 Rxb7 29. Nf5 Rc7 30. Ne3 Qe6 31. Ne4 h6 32. Rc2
Rcc8 33. Re2 a6 34. g4 Nc5 35. Nc3 Rd3 36. Qg2 Rcd8 37. f5
Qxe5 38. Nxc4 Qf6 39. Ne5 R3d6 40. Nf3 b5 41. axb5 axb5
42. Nxb5 Rd1 43. Nc3 Rxf1+ 44. Qxf1 Qc6 45. Re3 Rb8 46. Qg2
Qa6 47. Ne4 Nxe4 48. Rxe4 Rb3 49. Re1 Qb5 50. Nd4 Qb4 51. Qe4
Rxb2 52. f6 Qd6 53. Qe5 Rb1 0-1

[Event "Tata Steel"]
[Site "Wijk aan Zee NED"]
[Date "2016.01.30"]
[EventDate "2016.01.15"]
[Round "12"]
[Result "1-0"]
[White "Ding Liren"]
[Black "Pavel Eljanov"]
[WhiteElo "2766"]
[BlackElo "2760"]
[PlyCount "75"]

1. d4 Nf6 2. c4 e6 3. Nf3 b6 4. g3 Bb4+ 5. Bd2 Be7 6. Nc3 Bb7
7. Bg2 c6 8. O-O d5 9. Qb3 O-O 10. Rfd1 Nbd7 11. Rac1 Rc8
12. Ne1 dxc4 13. Qxc4 b5 14. Qb3 Qb6 15. Bg5 h6 16. Bxf6 Nxf6
17. e3 c5 18. Bxb7 Qxb7 19. Qxb5 Qxb5 20. Nxb5 a6 21. Nc3 cxd4
22. exd4 Rfd8 23. Nf3 Rc4 24. Kf1 g5 25. h3 Rb4 26. Rc2 Kg7
27. b3 Nd5 28. Na4 Rb5 29. Rdd2 Bf6 30. Rc6 Nb4 31. Rc7 Rf5
32. Kg2 Rd6 33. Nc5 a5 34. Ra7 Bd8 35. Ne4 Rc6 36. Ne5 Rc7
37. Ra8 Bf6 38. Nd6 1-0

[Event "IMSA Elite Mind Games (Rapid)"]
[Site "Huai'an CHN"]
[Date "2016.02.26"]
[EventDate "2016.02.26"]
[Round "1.5"]
[Result "1/2-1/2"]
[White "Radoslaw Wojtaszek"]
[Black "Ding Liren"]
[WhiteElo "2727"]
[BlackElo "2766"]
[PlyCount "75"]

1. d4 d5 2. c4 c6 3. Nf3 Nf6 4. Nc3 e6 5. Bg5 h6 6. Bxf6 Qxf6
7. e3 g6 8. Be2 Nd7 9. O-O Bg7 10. e4 dxe4 11. Nxe4 Qf4
12. Qc2 Nf6 13. Nxf6+ Qxf6 14. c5 O-O 15. Rad1 Rd8 16. Ne5 Bd7
17. Rd3 Be8 18. Rfd1 Qe7 19. Bf3 Rac8 20. g3 b6 21. b4 bxc5
22. bxc5 Qc7 23. Nc4 Rb8 24. Qa4 e5 25. dxe5 Rxd3 26. Rxd3
Bxe5 27. Kg2 Bg7 28. Nd6 Bd7 29. Ra3 Be6 30. Qxc6 Qxc6
31. Bxc6 Rb2 32. Rd3 Rxa2 33. Bd5 Bxd5+ 34. Rxd5 Rc2 35. Nb7
Bf8 36. Rd8 Kg7 37. Ra8 Bxc5 38. Nxc5 1/2-1/2

[Event "IMSA Elite Mind Games (Rapid)"]
[Site "Huai'an CHN"]
[Date "2016.02.26"]
[EventDate "2016.02.26"]
[Round "3.5"]
[Result "0-1"]
[White "David Navara"]
[Black "Ding Liren"]
[WhiteElo "2734"]
[BlackElo "2766"]
[PlyCount "74"]

1. d4 d5 2. c4 e6 3. Nc3 c6 4. e3 Nd7 5. Bd3 Ngf6 6. b3 Bd6
7. f4 b6 8. Nf3 Bb7 9. O-O O-O 10. Bb2 c5 11. cxd5 exd5
12. Ne5 cxd4 13. exd4 Ne4 14. Nb5 Be7 15. Rc1 Ndf6 16. Qe2 Nd6
17. Ba3 Nxb5 18. Nc6 Bxc6 19. Bxe7 Nxd4 20. Qe5 Ng4 21. Bxh7+
Kh8 22. Qg5 Qd7 23. f5 Kxh7 24. Bxf8 Ne2+ 25. Kh1 Rxf8
26. Qxg4 Nxc1 27. Qh4+ Kg8 28. f6 d4 29. fxg7 Bxg2+ 30. Kg1
Ne2+ 31. Kf2 Qh3 32. gxf8=R+ Kxf8 33. Qd8+ Kg7 34. Qg5+ Kh7
35. Rd1 Qf3+ 36. Ke1 Nc3 37. Qh4+ Kg6 0-1

[Event "IMSA Elite Mind Games (Rapid)"]
[Site "Huai'an CHN"]
[Date "2016.02.26"]
[EventDate "2016.02.26"]
[Round "4.2"]
[Result "1/2-1/2"]
[White "Wang Hao"]
[Black "Ding Liren"]
[WhiteElo "2717"]
[BlackElo "2766"]
[PlyCount "170"]

1. d4 d5 2. c4 e6 3. Nc3 c6 4. e3 Nf6 5. Nf3 Nbd7 6. Qc2 Bd6
7. Bd3 O-O 8. O-O e5 9. cxd5 cxd5 10. e4 exd4 11. Nxd5 Nxd5
12. exd5 h6 13. b3 Nf6 14. Bb2 Nxd5 15. Qc4 Nb4 16. Rad1 Nxd3
17. Rxd3 Qb6 18. Bxd4 Qb4 19. Qxb4 Bxb4 20. Bc3 Bf5 21. Rd5
Be6 22. Bxb4 Bxd5 23. Bxf8 Kxf8 24. Rd1 Bxf3 25. gxf3 Ke7
26. Re1+ Kd6 27. Rd1+ Kc6 28. Rc1+ Kb6 29. Rc4 Rd8 30. Rb4+
Kc6 31. Rc4+ Kd6 32. Rd4+ Ke7 33. Re4+ Kf8 34. Rc4 Rd7 35. Kg2
Ke7 36. h4 Ke6 37. Kg3 Rd2 38. Rc7 Rxa2 39. Rxb7 a5 40. b4 a4
41. b5 a3 42. b6 Ra1 43. Kg2 a2 44. Ra7 Kd6 45. b7 Kc7 46. Kh2
Kb8 47. Ra3 Kxb7 48. Kg2 Kc6 49. Ra8 Kd5 50. Ra4 Ke5 51. Ra5+
Kd4 52. Ra7 h5 53. Rd7+ Ke5 54. Ra7 f6 55. Ra5+ Kd4 56. f4 Ke4
57. Ra4+ Kf5 58. Kf3 Rh1 59. Ra5+ Kg6 60. Rxa2 Rxh4 61. Kg3
Rg4+ 62. Kf3 Rg1 63. Ra8 Rb1 64. Kg3 Rg1+ 65. Kf3 Rc1 66. Kg3
Rc3+ 67. f3 Rc1 68. Rb8 Rc5 69. Rb7 Ra5 70. Rc7 Ra8 71. Rb7
Rh8 72. Rb5 Ra8 73. Rb7 Ra5 74. Rc7 Kf5 75. Rxg7 h4+ 76. Kxh4
Kxf4 77. Rb7 Re5 78. Rb3 f5 79. Kh3 Re2 80. Ra3 Rf2 81. Ra5
Rxf3+ 82. Kg2 Re3 83. Kf2 Rf3+ 84. Kg2 Rg3+ 85. Kf2 Rf3+
1/2-1/2

[Event "IMSA Elite Mind Games (Rapid)"]
[Site "Huai'an CHN"]
[Date "2016.02.26"]
[EventDate "2016.02.26"]
[Round "2.4"]
[Result "1/2-1/2"]
[White "Ding Liren"]
[Black "Gabriel Sargissian"]
[WhiteElo "2766"]
[BlackElo "2702"]
[PlyCount "77"]

1. d4 Nf6 2. c4 e6 3. Nf3 d5 4. Nc3 Be7 5. Bf4 O-O 6. e3 Nbd7
7. c5 c6 8. h3 b6 9. b4 a5 10. a3 h6 11. Bd3 Ba6 12. O-O Qc8
13. Rb1 axb4 14. axb4 Bxd3 15. Qxd3 Qb7 16. Ra1 Rxa1 17. Rxa1
Ra8 18. Qb1 Bd8 19. Ra2 bxc5 20. Rxa8 Qxa8 21. bxc5 Qa3
22. Ne2 Qa6 23. Nc1 Ne4 24. Nd3 Bf6 25. Qc2 Qa3 26. Nd2 Nxd2
27. Qxd2 e5 28. dxe5 Nxe5 29. Nxe5 Qa1+ 30. Kh2 Bxe5 31. Bxe5
Qxe5+ 32. g3 Qf5 33. h4 g5 34. hxg5 hxg5 35. Kg1 Qb1+ 36. Kh2
Qh7+ 37. Kg1 Qb1+ 38. Kh2 Qh7+ 39. Kg1 1/2-1/2

[Event "IMSA Elite Mind Games (Rapid)"]
[Site "Huai'an CHN"]
[Date "2016.02.27"]
[EventDate "2016.02.26"]
[Round "5.3"]
[Result "0-1"]
[White "Ding Liren"]
[Black "Shakhriyar Mamedyarov"]
[WhiteElo "2766"]
[BlackElo "2747"]
[PlyCount "100"]

1. Nf3 Nf6 2. c4 e6 3. g3 d5 4. Bg2 d4 5. O-O c5 6. e3 Nc6
7. exd4 cxd4 8. d3 Be7 9. Na3 O-O 10. Nc2 a5 11. Re1 Re8
12. a3 h6 13. Bd2 a4 14. Bb4 Qb6 15. Qd2 e5 16. Re2 Bg4 17. h3
Bxf3 18. Bxf3 e4 19. Bxe4 Bxb4 20. Nxb4 Nxe4 21. Rxe4 Rxe4
22. dxe4 Ne5 23. Qe2 Qe6 24. Kg2 Rd8 25. Nd5 Nxc4 26. Qd3 f5
27. Qxd4 Qxe4+ 28. Qxe4 fxe4 29. Nc3 Rd2 30. Rc1 e3 31. Ne4
Nxb2 32. Kf3 Rd3 33. fxe3 Rxa3 34. Rc8+ Kh7 35. Rb8 Nc4
36. Kf2 Rb3 37. Nc5 Rb2+ 38. Kf3 a3 39. Ra8 a2 40. Nd3 Rb3
41. Nc1 Rxe3+ 42. Kf2 Rc3 43. Nxa2 Rc2+ 44. Kf3 b5 45. Nb4 Rb2
46. Nd5 b4 47. Rc8 Rc2 48. Rb8 b3 49. Ke4 b2 50. Kd3 Na3 0-1

[Event "IMSA Elite Mind Games (Rapid)"]
[Site "Huai'an CHN"]
[Date "2016.02.27"]
[EventDate "2016.02.26"]
[Round "6.5"]
[Result "1-0"]
[White "Ding Liren"]
[Black "Wang Yue"]
[WhiteElo "2766"]
[BlackElo "2718"]
[PlyCount "63"]

1. Nf3 c5 2. c4 Nf6 3. Nc3 Nc6 4. g3 g6 5. Bg2 d6 6. d4 cxd4
7. Nxd4 Bd7 8. Nxc6 bxc6 9. c5 d5 10. e4 dxe4 11. Nxe4 Nxe4
12. Bxe4 Bg7 13. O-O O-O 14. Qa4 Rb8 15. Bf4 Rxb2 16. Rab1
Rxb1 17. Rxb1 Qa8 18. Rd1 Qb7 19. Rb1 Qa8 20. Qa6 e5 21. Be3
Rd8 22. h4 f5 23. Bg2 e4 24. Bf1 Be6 25. Bg5 Rb8 26. Rxb8+
Qxb8 27. Qxc6 Bxa2 28. Qd7 Be5 29. c6 Bf7 30. Bf4 Bxf4
31. gxf4 Qe8 32. Bb5 1-0

[Event "IMSA Elite Mind Games (Rapid)"]
[Site "Huai'an CHN"]
[Date "2016.02.27"]
[EventDate "2016.02.26"]
[Round "7.2"]
[Result "1/2-1/2"]
[White "Ruslan Ponomariov"]
[Black "Ding Liren"]
[WhiteElo "2712"]
[BlackElo "2766"]
[PlyCount "134"]

1. e4 e5 2. Nf3 Nc6 3. Nc3 Nf6 4. g3 d5 5. exd5 Nxd5 6. Bg2
Nxc3 7. bxc3 Bd6 8. O-O O-O 9. Rb1 Rb8 10. d4 h6 11. Re1 Qf6
12. Be3 b6 13. Nd2 Na5 14. Ne4 Qg6 15. f4 exf4 16. Nxd6 cxd6
17. Bxf4 Bf5 18. Qe2 Bxc2 19. Rbc1 Bd3 20. Qe7 Nc4 21. Qxa7
Rbe8 22. Qd7 Be4 23. Qb5 d5 24. Bxe4 Rxe4 25. Qxd5 Rxf4
26. Qxc4 h5 27. Rf1 Rg4 28. Rf3 h4 29. Kg2 hxg3 30. hxg3 Rg5
31. Qd3 Qxd3 32. Rxd3 Ra8 33. Rc2 Rga5 34. Rdd2 Ra3 35. Kf3
Rc8 36. Rd3 b5 37. d5 b4 38. d6 bxc3 39. d7 Rd8 40. Rcxc3 Rxc3
41. Rxc3 Rxd7 42. a4 Ra7 43. Ra3 Ra5 44. Ke4 g5 45. Kd4 Kg7
46. Kc4 Kg6 47. Kb4 Ra8 48. Rf3 Rb8+ 49. Ka3 Ra8 50. g4 Ra5
51. Kb4 Re5 52. Rc3 Re6 53. Rc5 Re4+ 54. Rc4 Re6 55. Rc5 Re4+
56. Rc4 Re6 57. Kb5 f5 58. gxf5+ Kxf5 59. a5 g4 60. a6 g3
61. a7 Re8 62. Rc2 Ra8 63. Kb6 Kg4 64. Kb7 Rxa7+ 65. Kxa7 Kf3
66. Kb6 g2 67. Rxg2 Kxg2 1/2-1/2

[Event "IMSA Elite Mind Games (Blitz)"]
[Site "Huai'an CHN"]
[Date "2016.02.28"]
[EventDate "2016.02.28"]
[Round "1.5"]
[Result "1-0"]
[White "Ding Liren"]
[Black "Ruslan Ponomariov"]
[WhiteElo "2766"]
[BlackElo "2712"]
[PlyCount "129"]

1. Nf3 d5 2. c4 e6 3. g3 Nf6 4. Bg2 Be7 5. O-O O-O 6. b3 b6
7. cxd5 exd5 8. d4 Bb7 9. Nc3 Na6 10. Bb2 c5 11. Rc1 Re8
12. e3 Bf8 13. Re1 Nc7 14. Re2 Qe7 15. dxc5 bxc5 16. Na4 Ne6
17. Rec2 Rac8 18. Ba3 Nd7 19. Nh4 Qd6 20. Rd2 Nf6 21. Bb2 Ng5
22. Nf5 Qe6 23. Bxf6 Qxf6 24. Bxd5 Bxd5 25. Rxd5 Rcd8 26. h4
Ne4 27. Rxd8 Rxd8 28. Qg4 Nd2 29. Nxc5 Qc6 30. Nd4 Qd5 31. Nd3
g6 32. Rc2 Ne4 33. Nf4 Qb7 34. Qf3 Bg7 35. Nfe2 Re8 36. Kg2
Qd5 37. Nf4 Qd7 38. Nfe2 h5 39. b4 a6 40. Rc6 Nd2 41. Qf4 Qd5+
42. f3 Qxa2 43. Rc2 Qa4 44. Rxd2 Qxb4 45. Rc2 a5 46. Rc7 Rf8
47. Nc6 Qb6 48. Ne7+ Kh7 49. Nd5 Qb2 50. Kf2 Kg8 51. Ne7+ Kh7
52. Nc6 Kg8 53. Nxa5 Be5 54. Rb7 Qa1 55. Qb4 Rc8 56. Nc4 Bf6
57. Nd6 Rc2 58. Rb8+ Kh7 59. Ne4 Bg7 60. Ng5+ Kh6 61. Nxf7+
Kh7 62. Ng5+ Kh6 63. Qf4 Rxe2+ 64. Kxe2 Qa2+ 65. Kf1 1-0

[Event "IMSA Elite Mind Games (Blitz)"]
[Site "Huai'an CHN"]
[Date "2016.02.28"]
[EventDate "2016.02.28"]
[Round "2.5"]
[Result "0-1"]
[White "Sergei Movsesian"]
[Black "Ding Liren"]
[WhiteElo "2653"]
[BlackElo "2766"]
[PlyCount "116"]

1. e4 e5 2. Nf3 Nc6 3. Bb5 a6 4. Ba4 Nf6 5. O-O Nxe4 6. d4 b5
7. Bb3 d5 8. dxe5 Be6 9. a4 b4 10. a5 Nc5 11. Be3 Nxb3
12. cxb3 d4 13. Bg5 Qd5 14. Nbd2 h6 15. Bh4 Bc5 16. Nc4 O-O
17. Qd3 Rab8 18. h3 Rb5 19. Rfd1 Qd7 20. Nfd2 Ba7 21. Ne4 Nxe5
22. Nxe5 Rxe5 23. Nf6+ gxf6 24. Bxf6 Rg5 25. Bxg5 hxg5
26. Qxa6 c5 27. Rd3 Kg7 28. Re1 Bf5 29. Rg3 f6 30. Qc4 d3
31. Rge3 Rf7 32. a6 Qd4 33. Re7 Qxc4 34. bxc4 Bc8 35. Rxf7+
Kxf7 36. b3 Bxa6 37. Ra1 d2 38. Kf1 Bb8 39. Ke2 Bb7 40. f3 Ke6
41. Kxd2 Be5 42. Ra7 Bc6 43. Kd3 Bd4 44. Rh7 Bd7 45. h4 gxh4
46. Rxh4 Ke5 47. Rh5+ Kf4 48. Ke2 Be8 49. Rh4+ Kf5 50. Re4 Bg6
51. g4+ Kg5 52. Re7 Bc2 53. Rg7+ Kf4 54. Re7 Bxb3 55. Re4+ Kg5
56. Kd3 Ba2 57. Re8 b3 58. Rg8+ Kf4 0-1

[Event "IMSA Elite Mind Games (Blitz)"]
[Site "Huai'an CHN"]
[Date "2016.02.28"]
[EventDate "2016.02.28"]
[Round "3.4"]
[Result "1-0"]
[White "Ding Liren"]
[Black "Radoslaw Wojtaszek"]
[WhiteElo "2766"]
[BlackElo "2727"]
[PlyCount "59"]

1. Nf3 d5 2. c4 d4 3. b4 f6 4. Na3 e5 5. Nc2 a5 6. b5 Nh6
7. d3 Nf7 8. g3 Nd7 9. Bg2 Nc5 10. O-O Be7 11. Ba3 O-O 12. Nd2
Ne6 13. Bxe7 Qxe7 14. e3 Rd8 15. exd4 Nxd4 16. Nxd4 Rxd4
17. Nb3 Rd8 18. a4 Ng5 19. d4 Bh3 20. Bxb7 Bxf1 21. Qxf1 Rab8
22. Nxa5 exd4 23. Nc6 Qe4 24. Nxd8 Nf3+ 25. Kh1 Rxb7 26. Nxb7
Qxb7 27. a5 Ne1+ 28. f3 Nxf3 29. a6 Qe4 30. Qg2 1-0

[Event "IMSA Elite Mind Games (Blitz)"]
[Site "Huai'an CHN"]
[Date "2016.02.28"]
[EventDate "2016.02.28"]
[Round "4.6"]
[Result "0-1"]
[White "Pentala Harikrishna"]
[Black "Ding Liren"]
[WhiteElo "2753"]
[BlackElo "2766"]
[PlyCount "84"]

1. e4 e5 2. Nf3 Nc6 3. Bb5 a6 4. Ba4 Nf6 5. O-O Nxe4 6. d4 b5
7. Bb3 d5 8. dxe5 Be6 9. Nbd2 Nc5 10. c3 Be7 11. Bc2 d4
12. Nb3 d3 13. Nxc5 dxc2 14. Qxd8+ Rxd8 15. Nxe6 fxe6 16. Be3
Rd5 17. c4 bxc4 18. Rfc1 Nb4 19. a3 Nd3 20. Rxc2 Kd7 21. Nd2
Nxb2 22. Nxc4 Nxc4 23. Rxc4 Rb8 24. Rac1 c5 25. f4 Kc6 26. Ra4
Kb5 27. Re4 Rbd8 28. Kf2 Rd1 29. Rc2 Ra1 30. Rec4 Rd5 31. R4c3
Rb1 32. Kf3 a5 33. Ke4 g6 34. g4 Kc6 35. f5 gxf5+ 36. gxf5
exf5+ 37. Kxf5 a4 38. Ke6 Rb7 39. Rf2 Bh4 40. Rf7 Rxf7
41. Kxf7 Rxe5 42. Bf4 Rf5+ 0-1

[Event "IMSA Elite Mind Games (Blitz)"]
[Site "Huai'an CHN"]
[Date "2016.02.28"]
[EventDate "2016.02.28"]
[Round "5.3"]
[Result "1/2-1/2"]
[White "Ding Liren"]
[Black "Laurent Fressinet"]
[WhiteElo "2766"]
[BlackElo "2700"]
[PlyCount "111"]

1. Nf3 d5 2. c4 e6 3. g3 dxc4 4. Qa4+ Nd7 5. Qxc4 a6 6. Bg2 b5
7. Qc2 Bb7 8. O-O Ngf6 9. d3 c5 10. e4 Be7 11. Nc3 Rc8 12. a4
b4 13. Nd1 c4 14. dxc4 Bxe4 15. Qe2 O-O 16. Ne3 Nc5 17. Rd1
Qc7 18. Nd4 Rfd8 19. Bxe4 Nfxe4 20. Nec2 Bf6 21. Be3 b3
22. Ne1 Qb7 23. a5 h6 24. h4 Qb4 25. Kg2 Nd6 26. Rac1 Qxa5
27. Nd3 Nde4 28. Nxc5 Nxc5 29. Qf3 Qc7 30. Rd2 Rd7 31. Rcd1
Rcd8 32. h5 Qb7 33. Qxb7 Rxb7 34. Nxb3 Rxd2 35. Nxd2 Be7
36. b3 Nxb3 37. Nxb3 Rxb3 38. Rd7 Bf6 39. Ra7 Rc3 40. c5 Bg5
41. Bxg5 hxg5 42. Rxa6 Rxc5 43. Ra8+ Kh7 44. g4 Rc4 45. f3 f5
46. Kg3 f4+ 47. Kf2 e5 48. Ra5 Rc2+ 49. Kf1 Rc3 50. Rxe5 Rxf3+
51. Ke2 Ra3 52. Rxg5 Rg3 53. Kf2 Kh6 54. Rg6+ Kh7 55. Rg5 Kh6
56. Rg6+ 1/2-1/2

[Event "IMSA Elite Mind Games (Blitz)"]
[Site "Huai'an CHN"]
[Date "2016.02.28"]
[EventDate "2016.02.28"]
[Round "6.7"]
[Result "1-0"]
[White "Wang Hao"]
[Black "Ding Liren"]
[WhiteElo "2717"]
[BlackElo "2766"]
[PlyCount "75"]

1. d4 d5 2. c4 c6 3. Nc3 e6 4. e4 dxe4 5. Nxe4 Bb4+ 6. Nc3 c5
7. a3 Ba5 8. Nf3 Nf6 9. Be3 Nc6 10. Qd3 Ng4 11. O-O-O cxd4
12. Nxd4 Nxe3 13. fxe3 O-O 14. Nxc6 bxc6 15. Qe4 Qe7 16. Na4
Rb8 17. Be2 Bc7 18. Qxc6 Bb7 19. Qd7 Qxd7 20. Rxd7 Be5 21. Bf3
Ba6 22. Be2 Rfc8 23. Rxa7 Bxc4 24. Bxc4 Rxc4+ 25. Kb1 Re4
26. Re1 Bxh2 27. Nc5 Rg4 28. Re2 h5 29. b4 Bd6 30. Nd3 h4
31. Ka2 Rb5 32. Rd7 Rd5 33. Nf4 Rd1 34. b5 g5 35. b6 gxf4
36. b7 Kg7 37. Rxd6 Rxd6 38. b8=Q 1-0

[Event "IMSA Elite Mind Games (Blitz)"]
[Site "Huai'an CHN"]
[Date "2016.02.28"]
[EventDate "2016.02.28"]
[Round "7.2"]
[Result "0-1"]
[White "Ding Liren"]
[Black "Gabriel Sargissian"]
[WhiteElo "2766"]
[BlackElo "2702"]
[PlyCount "116"]

1. c4 Nf6 2. Nf3 e6 3. g3 d5 4. Bg2 dxc4 5. Qa4+ Bd7 6. Qxc4
c5 7. O-O Bc6 8. Nc3 Be7 9. e4 Nbd7 10. d4 cxd4 11. Nxd4 Ne5
12. Nxc6 Nxc4 13. Nxd8 Rxd8 14. b3 Ne5 15. Be3 a6 16. f4 Neg4
17. Bb6 Rc8 18. e5 Rxc3 19. exf6 Bxf6 20. Rac1 O-O 21. Bxb7
Rb8 22. Rxc3 Bxc3 23. Rc1 Rxb7 24. Rxc3 h5 25. Rc6 Rd7 26. h3
Rd1+ 27. Kg2 Rd2+ 28. Kf3 Nh2+ 29. Ke4 Nf1 30. g4 hxg4
31. hxg4 Rxa2 32. Rc3 a5 33. Bd4 a4 34. b4 Nd2+ 35. Kd3 Nb3
36. Be3 Rb2 37. Rc8+ Kh7 38. Ra8 Ra2 39. b5 Ra3 40. b6 Nc5+
41. Kc4 Nd7 42. Bd4 Rb3 43. Rxa4 Rxb6 44. Ra7 Rd6 45. Ra1 Rd5
46. Rh1+ Kg8 47. Ra1 Nf6 48. Bxf6 gxf6 49. Ra8+ Kg7 50. Kc3 f5
51. gxf5 Rxf5 52. Ra4 Rd5 53. Ra7 Kg6 54. Rb7 Rd1 55. Rb5 Rf1
56. Rg5+ Kf6 57. Rg4 Kf5 58. Rg7 f6 0-1

[Event "IMSA Elite Mind Games (Blitz)"]
[Site "Huai'an CHN"]
[Date "2016.02.28"]
[EventDate "2016.02.28"]
[Round "8.8"]
[Result "0-1"]
[White "David Navara"]
[Black "Ding Liren"]
[WhiteElo "2734"]
[BlackElo "2766"]
[PlyCount "80"]

1. d4 d5 2. c4 c6 3. Nc3 Nf6 4. Nf3 e6 5. Bg5 h6 6. Bxf6 Qxf6
7. Qb3 a5 8. e3 a4 9. Nxa4 dxc4 10. Bxc4 Nd7 11. Nc3 g6
12. O-O Bg7 13. e4 O-O 14. e5 Qe7 15. Rfe1 Rd8 16. Rad1 b5
17. Bd3 Rb8 18. h4 c5 19. Bxb5 cxd4 20. Rxd4 Bb7 21. Rxd7 Rxd7
22. Bxd7 Qxd7 23. Re4 Rc8 24. Rd4 Qe7 25. Ne4 Bd5 26. Qa4 Ra8
27. Qd1 Rxa2 28. Nc3 Bxf3 29. Rd8+ Kh7 30. gxf3 Rxb2 31. Qd4
Bxe5 32. Qxe5 Qxd8 33. Ne4 Rb1+ 34. Kg2 Qxh4 35. Nf6+ Kh8
36. Nh5+ f6 37. Qxe6 Qh1+ 38. Kg3 Rg1+ 39. Kf4 Qh4+ 40. Ke3
Re1+ 0-1